01272nabaa22002177a 4500999001500000003000400015005001700019008004100036040000700077100003500084245009500119300001500214500003700229505046000266505008900726650003200815650003900847650002900886773012600915942001301041 c6195d6195OSt20260125194542.0190701b xxu||||| |||| 00| 0 spa d cPJ 95531aSanguinetti, Juan Carlos13aLa regulación de los recursos directos en la "Ley de Bases" /cJuan Carlos Sanguinetti.  ap. 124-133 aCita: TR LALEY AR/DOC/2165/2024  aSumario: I. Introducción.— II. El recurso directo como vía de impugnación de actos dictados por autoridades administrativas.— III. El plazo de interposición del recurso.— IV. El rol de la administración luego de la interposición del recurso.— V. La producción de prueba en el marco de un recurso directo.— VI. El pago previo de las sanciones pecuniarias como requisito de admisibilidad de un recurso directo.— VII. Conclusiones.  t¿Te interesa el texto completo? Comunicate al correo: koha@justierradelfuego.gov.ar 09211aDERECHO ADMINISTRATIVO 091135aPROCEDIMIENTO ADMINISTRATIVO 0aREFORMA DEL ESTADO931770 0284293251dBuenos Aires : AbeledoPerrot, 2012-oDA121tDerecho administrativo. Nº 155 septiembre/octubre 2024z18510590 2udccANA